00448nam a2200145Ia 4500008004100000041000800041082001200049100002000061245002100081260003800102300002400140365000700164999001700171952011400188240624s9999 xx 000 0 und d aeng a823 LUD aLUDLUM S ROBERT aBOURNE OBJECTIVE c2010aNew DelhibOrion Books Ltd. a437 : p. : cm. ; 17 cRS c24100d24100 00104070aIMTNbIMTNcRack 39-Bd2015-03-31g275.00o823 LUDp24100r2024-06-24 00:00:00t1w2024-06-24yBK